👁 Secret Story : Candidats (Saisons 1 à 13) - Statistiques

Statistiques générales
  • Ce quiz a été pris 1 386 fois
  • Le résultat moyen est 112 sur 221
Statistiques - réponses
Answers! Yas % Correct
Julie
84%
Marie
80%
Julien
75%
Léo
75%
Amélie
74%
Ben
73%
Romy
73%
Émilie
72%
Thomas
72%
Benoît
71%
Anaïs
70%
Constance
70%
Damien
70%
Lou
70%
Mélanie
70%
Célia
69%
Nadège
69%
Aïmed
68%
John
68%
Maxime
68%
Anita
67%
Ethan
67%
Mayer
67%
Pimprenelle
67%
Laura
66%
Nathalie
66%
Noah
66%
Théo
66%
Marianne
65%
Ali
64%
Bastien
64%
Francois-Xavier
64%
Adrien
63%
Dréa
63%
Marie-France
63%
Vincent
63%
Vivian
63%
Alexis
62%
Coralie
62%
Eddy
62%
Jonathan
61%
Aurélie
59%
Manon
59%
Nicolas
59%
Noré
59%
Senna
59%
Sara
58%
Stéph
57%
Charlène
56%
Tatiana
56%
Xavier
56%
Bruno
55%
Geof
55%
Maxence
55%
Kamila
54%
Kévin
54%
Maëva
54%
Maéva
54%
Alexia
53%
Zoé
53%
Ayem
52%
Caroline
52%
Darko
52%
Sabrina
52%
Sarah
52%
Stéphanie
52%
Geoffrey
51%
Leïla
51%
Perrine
51%
Vanessa
51%
Fanny
50%
Alexandre
49%
Alia
49%
Clara
49%
Laly
49%
Matthias
49%
Barbara
48%
Francesca
48%
Les Triplées
48%
Cindy
47%
Daniel
47%
Juliette
47%
Justine
47%
Rémi
47%
Zarko
47%
Alexandra
46%
Jessica
46%
John-David
46%
Morgan
46%
Alain
45%
Capucine
45%
Cassandra
45%
Zelko
45%
Gautier
44%
Jaja
44%
Kelyan
44%
Loïc
44%
Alice
43%
Marvin
43%
Ulysse
43%
Morgane
42%
Fred
41%
Pierre
41%
Cameron
40%
Charlotte
40%
Cyril
40%
Erwan
40%
Florine
40%
Virginie
40%
Audrey
39%
Aymeric
39%
Charles
39%
Gabriel
39%
Ophélie
39%
Anthony
38%
Jordan
38%
Maryline
38%
Quentin
38%
Sophia
38%
Benjamin
37%
Romain
37%
Samantha
37%
Sonja
37%
Tanya
37%
Daniela
36%
David
36%
Élise
36%
Isabelle
36%
Laurent
36%
Yoann
36%
Bryan
35%
Chrismaëlle
35%
Karisma
35%
Sacha
35%
Simon
35%
Tara
34%
Angie
33%
Anne-Krystel
33%
Cassandre
33%
Guillaume
33%
Jamel
33%
Marion
33%
Arthur
32%
Didier
32%
Elisabeth
32%
Makao
32%
Mickaël
32%
Claudia
31%
Élodie
31%
Martin
31%
Mathieu
31%
Robin
31%
Ahmed
30%
Athénaïs
30%
Hayder
30%
Marilyn
30%
Stéfan
30%
Maija
29%
Rudy
29%
Ginie
28%
Lydia
28%
Shine
28%
Joanna
27%
Liam
27%
Abdel
26%
Isabella
26%
Marie-Josée
26%
Midou
26%
Shirley
26%
Tony
26%
Illiesse
25%
Nony
23%
Sergueï
23%
Yliés
22%
Aucun quiz correspondant
Distribution des résultats
% des personnes avec chaque résultat
Percentile par nombre de réponses
Votre historique - résultats
Vous n’avez pas pris ce quiz